02419cam a22003618i 450000100090000000300040000900500170001300800410003001000170007102000310008803500130011904000330013204200080016505000250017310000390019824000370023724500740027424600420034825000170039026300090040726400340041630000130045033600260046333700280048933800270051750400510054452011780059565000380177365000310181165000200184270000360186277601590189823661140OSt20260512142755.0240426s2025 nyu b 001 0 eng  a 2024018694 a9781032519845q(paperback) a23661140 aDLCbengerdacDLCdMILA_ain apcc00aPN4784.B75bP36 20251 aPapper, Robert A.,d1947-eauthor.10aBroadcast news writing stylebook10aBroadcast news and writing stylebook /cBob Papper and Janet Kolodzy.3 aBroadcast, news and writing stylebook a8th Edition. a1111 1aNew York :bRoutledge,c2025. apages cm atextbtxt2rdacontent aunmediatedbn2rdamedia avolumebnc2rdacarrier aIncludes bibliographical references and index. a"Broadcast News and Writing Stylebook is the go-to resource for writing broadcast news, offering a concise introduction to writing engaging stories for television, radio, podcasts, and online media. Covering the nuances of reporting, grammar, style, and usage, readers will learn how to craft stories on government, crime, weather, education, health, sports, and more. This eighth edition is updated to include: New sections on industry challenges and opportunities from Artificial Intelligence, deep fakes, and streaming. Fully updated examples, exercises, and glossary. An expanded focus on ethics with ethical issues discussed in virtually every chapter. Drawing on over a quarter of a century of broadcast news and industry research experience, authors Papper and Kolodzy once again ensure this vital text contains all the information necessary for being a successful news writer today. Whether you're a journalism student or a working broadcast professional, Broadcast News and Writing Stylebook is a definitive reference for your bookshelf. This book also features an accompanying Instructor Manual, found at www.routledge.com/9781032519845"--cProvided by publisher. 0aBroadcast journalismxAuthorship. 0aJournalismvStyle manuals. 0aReport writing.1 aKolodzy, Janet,d1955-eauthor.08iOnline version:aPapper, Robert A., 1947-tBroadcast, News & Writing Stylebookb8th Edition.dNew York : Routledge, 2025.z9781003404712w(DLC) 2024018695